LEADER 01197nam 2200361 450 001 9910704334003321 005 20130205151140.0 035 $a(CKB)5470000002440347 035 $a(OCoLC)826792238 035 $a(EXLCZ)995470000002440347 100 $a20130205d2012 ua 0 101 0 $aeng 135 $aurmn||||||||| 181 $2rdacontent 182 $2rdamedia 183 $2rdacarrier 200 10$a2020 census $einitial research milestones generally met but plans needed to mitigate highest risks : report to congressional requesters 210 1$a[Washington, D.C.] :$cUnited States Government Accountability Office,$d2012. 215 $a1 online resource (ii, 34 pages) $ccolor illustrations 300 $aTitle from title screen (viewed Feb. 4, 2013). 300 $a"November 2012." 300 $a"GAO-13-53." 320 $aIncludes bibliographical references. 517 $a2020 census 606 $aGovernment publicity$zUnited States 607 $aUnited States$xCensus, 2020$xPlanning 615 0$aGovernment publicity 801 0$bGPO 801 1$bGPO 906 $aBOOK 912 $a9910704334003321 996 $a2020 census$93442354 997 $aUNINA